000 00315nam a22001337a 4500
020 _qHB.
040 _cFIZAA ISHAQ
082 _a624.151
_bVNS
100 _aMURTHY, V.N.S.
_985748
245 _aGEOTECHNICAL ENGINEERING
_cV.N.S. MURTHY.
260 _aNEW DEHLI :
_c2003.
300 _a1029 P. ;
942 _2ddc
_cBK
999 _c587093
_d587093